00273nam a2200109 a 4500008004100000050001500041100001800056245002800074260003300102300001900135350000900154120416s1954 ||||||||||||||||| || u aDS 463 Mas aMason, Philip14aThe Men who ruled India aLondon:bJonathan Capec1954 a2 vols. : ill. a0.00